000 00412nam a2200181Ia 4500
001 623
005 20260306140531.0
008 260306t2018||||xx |||||||||||||| ||spa||
041 _aESP
082 _a128
_bS42
100 _aSerretti, Massimo
_eAUT
245 0 _aIl misterio della persona
260 _c2018
300 _a321 páginas :
_c21 cm.
650 _aGEN
654 _aCHU
942 _cLIB
_dJUS
_fJUS
_2ddc
_n
999 _c623
_d623